|
|
|
|
| LEADER |
00000nam0a2200000 4500 |
| 001 |
375079 |
| 005 |
20250828104302.0 |
| 010 |
|
|
|a 5070025279
|
| 035 |
|
|
|a (RuTPU)RU\TPU\retro\32514
|
| 035 |
|
|
|a RU\TPU\book\314443
|
| 090 |
|
|
|a 375079
|
| 100 |
|
|
|a 20221220d1992 m y0rusy50 ca
|
| 101 |
0 |
|
|a rus
|
| 102 |
|
|
|a RU
|
| 105 |
|
|
|a a z 000zy
|
| 200 |
1 |
|
|a Ушу - путь к победе
|f И. А. Красулин
|
| 210 |
|
|
|a Москва
|c Знание
|d 1992
|
| 215 |
|
|
|a 64 с.
|c ил.
|
| 333 |
|
|
|a Исключено из фонда НТБ ТПУ
|
| 606 |
1 |
|
|a Гимнастика
|2 stltpush
|3 (RuTPU)RU\TPU\subj\7191
|9 34902
|
| 610 |
1 |
|
|a спортивная литература
|
| 610 |
1 |
|
|a восточные единоборства
|
| 610 |
1 |
|
|a ушу
|
| 610 |
1 |
|
|a оздоровительная гимнастика
|
| 675 |
|
|
|a 796.41
|v 4
|
| 700 |
|
1 |
|a Красулин
|b И. А.
|
| 801 |
|
1 |
|a RU
|b 63413507
|c 20150403
|
| 801 |
|
2 |
|a RU
|b 63413507
|c 20221220
|g RCR
|
| 942 |
|
|
|c BK
|